[Event "Chigorin Memorial 26th"]
[Site "St Petersburg"]
[Date "2018.11.03"]
[Round "8"]
[White "Nikitinyh, Boris Aleksandrovic"]
[Black "Dmitriev, Leonid"]
[Result "1-0"]
[WhiteElo "2031"]
[BlackElo "1818"]
[PlyCount "85"]
[EventDate "2018.10.27"]
[EventType "swiss"]
[EventRounds "9"]
[EventCountry "RUS"]
[SourceTitle "CBM 187 Extra"]
[Source "ChessBase"]
[SourceDate "2018.11.04"]
[SourceVersion "1"]
[SourceVersionDate "2018.11.04"]
[SourceQuality "1"]

1. e4 e5 2. Nf3 Nc6 3. Bb5 a6 4. Ba4 Nf6 5. 0-0 b5 6. Bb3 Be7 7. a4 Rb8 8. axb5 axb5 9. d3 d6 10. h3 h6 11. Be3 d5 12. exd5 Nxd5 13. Bd2 0-0 14. Re1 Bf6 15. Nc3 Nxc3 16. bxc3 Bf5 17. Nh2 Re8 18. Ng4 Bg5 19. Bxg5 Qxg5 20. Qf3 Qg6 21. Ne3 Bd7 22. Ra6 Rb6 23. Rxb6 cxb6 24. Nd5 Nd8 25. d4 e4 26. Qe3 Bf5 27. Ra1 Be6 28. Nf4 Qf5 29. d5 Bd7 30. Ra7 Bc8 31. d6 Be6 32. Re7 Kf8 33. Nxe6+ Nxe6 34. Bxe6 fxe6 35. Rxe8+ Kxe8 36. Qxb6 e5 37. Qxb5+ Qd7 38. Qxe5+ Kd8 39. c4 Qc6 40. c5 g5 41. c4 Kd7 42. Qf5+ Kd8 43. Kh2 1-0

[Event "Chigorin Memorial 26th"]
[Site "St Petersburg"]
[Date "2018.11.01"]
[Round "6"]
[White "Lapin, Artem"]
[Black "Dmitriev, Leonid"]
[Result "0-1"]
[WhiteElo "1496"]
[BlackElo "1818"]
[PlyCount "86"]
[EventDate "2018.10.27"]
[EventType "swiss"]
[EventRounds "9"]
[EventCountry "RUS"]
[SourceTitle "CBM 187 Extra"]
[Source "ChessBase"]
[SourceDate "2018.11.04"]
[SourceVersion "1"]
[SourceVersionDate "2018.11.04"]
[SourceQuality "1"]

1. e4 e5 2. Nf3 Nc6 3. Bb5 a6 4. Ba4 Nf6 5. d3 b5 6. Bb3 Be7 7. Be3 d5 8. exd5 Nxd5 9. a4 Nxe3 10. fxe3 Rb8 11. 0-0 0-0 12. e4 Bg4 13. axb5 axb5 14. c3 b4 15. Bd5 Bc5+ 16. Kh1 Ne7 17. d4 Nxd5 18. exd5 exd4 19. cxd4 Bxf3 20. Rxf3 Qxd5 21. Ra5 Qxd4 22. Rd3 Qc4 23. b3 Qe4 24. Rxc5 Rbe8 25. Kg1 Qe1+ 26. Qxe1 Rxe1+ 27. Kf2 Rxb1 28. Rxc7 g6 29. Rb7 Rb2+ 30. Kf3 Re8 31. Rxb4 Ree2 32. Rb8+ Kg7 33. g3 Rxh2 34. b4 h5 35. b5 h4 36. Ke4 Rh3 37. Rdd8 hxg3 38. Rg8+ Kf6 39. Rb6+ Kg5 40. Rc6 g2 41. Rc1 Rh1 42. Rc5+ f5+ 43. Rxf5+ Kh6 0-1

[Event "Chigorin Memorial 26th"]
[Site "St Petersburg"]
[Date "2018.10.30"]
[Round "4"]
[White "Kharlamov, Igor"]
[Black "Dmitriev, Leonid"]
[Result "1-0"]
[WhiteElo "2063"]
[BlackElo "1818"]
[PlyCount "65"]
[EventDate "2018.10.27"]
[EventType "swiss"]
[EventRounds "9"]
[EventCountry "RUS"]
[SourceTitle "CBM 187 Extra"]
[Source "ChessBase"]
[SourceDate "2018.11.04"]
[SourceVersion "1"]
[SourceVersionDate "2018.11.04"]
[SourceQuality "1"]

1. d4 d5 2. c4 e6 3. Nc3 Nf6 4. Bg5 Nbd7 5. e3 Be7 6. Nf3 0-0 7. Bd3 b6 8. 0-0 Bb7 9. cxd5 exd5 10. Rc1 c5 11. dxc5 Nxc5 12. Be2 Rc8 13. Nd4 Nce4 14. Nxe4 dxe4 15. Qa4 a6 16. Nf5 b5 17. Qd4 Rxc1 18. Rxc1 Re8 19. Qxd8 Bxd8 20. Nd6 Re7 21. Bxf6 gxf6 22. Rd1 Bb6 23. Bg4 Bc5 24. Nf5 Rc7 25. Rd8+ Bf8 26. h4 Rc2 27. h5 Rc7 28. Nd6 Bd5 29. h6 Rc6 30. Nf5 Rc7 31. Rxd5 Rc1+ 32. Kh2 Rc2 33. Kg3 1-0